Statistics for Country by City "Y"

Click here to take the quiz!

General Stats

  • This quiz has been taken 62 times
  • The average score is 10 of 12

Answer Stats

City Country % Correct
YorkUnited Kingdom
100%
YangzhouChina
100%
YokohamaJapan
98%
YonkersUnited States
92%
YekaterinburgRussia
91%
YerevanArmenia
89%
YangonMyanmar
77%
YaoundeCameroon
75%
YamoussoukroCote d'Ivoire
68%
YogakartaIndonesia
68%
YeosuSouth Korea
62%
YazdIran
51%

Score Distribution

Percentile by Number Answered

Percent of People with Each Score

Your Score History

You have not taken this quiz